00391 a2200121 4500001001000000005001700010008004100027245006900068100002100137700002700158773006700185999001700252ART_5331220260410162008.0260409a 10aLa adquisición del dominio juzgada con perspectiva de género1 aHumphreys, Ethel1 aArcaro, Edgardo N. (h)0 tTemas de derecho civilg- Año 7, N° 9 (sep. 2021)wREV34778 c31972d31972